000 00535nam a22001937a 4500
005 20260226114042.0
008 260226b |||||||| |||| 00| 0 eng d
020 _a9788171415540
_c900.00
040 _aMAIN
041 _aEnglish
082 _a333.71
_bABB
100 _aAbbasi, S.A.
_911911
245 _aEnvironmental impact assessment
_b: Available Techniques Emerging Trends
260 _aNew Delhi
_bDeep And Deep
_c2020
300 _a161
650 _aEnvironment Science
_9310
700 _aArya, D.S.
_926420
942 _cBK
999 _c60465
_d60465